| 000 | 00522nam a2200181Ia 4500 | ||
|---|---|---|---|
| 999 |
_c8772 _d8772 |
||
| 003 | OSt | ||
| 005 | 20201006113235.0 | ||
| 008 | 190216s9999||||xx |||||||||||||| ||und|| | ||
| 020 | _a9788178082318 | ||
| 040 | _coclc | ||
| 082 |
_a005.74 _bDAT/I |
||
| 100 |
_aDate, C J _95351 |
||
| 245 | 0 |
_aAn Introduction To Database Systems / _cC J Date |
|
| 250 | _a7th Ed. | ||
| 260 |
_bPearson Education International, _c2002. _aNew Delhi: |
||
| 300 | _a938p | ||
| 942 |
_cBK _2ddc _h005.74 _iDAT/I _k005.74 _mDAT/I |
||